000 00457nam a2200205Ia 4500
003 OSt
005 20221006152530.0
006 a|||||r|||| 00| 0
007 ta
008 221006b |||||||| |||| 00| 0 chi d
024 _a28,602
037 _cBound Volumes
040 _aEASL
_cEASL
_bchi
041 _2chi
_achi
245 0 _aChung Hua Yueh Pao
260 _c2000
300 _ap.
_ccm.
942 _cCR
_2CC
999 _c1096688
_d1096688